| 000 | 005680000a22002050004500 | ||
|---|---|---|---|
| 003 | LK-CoMWRAF | ||
| 005 | 20230902150057.0 | ||
| 008 | 230817t1994 ||||| |||| 00| 0 eng d | ||
| 020 | _a8171511864 | ||
| 040 |
_aLK-CoMWRAF _dLK-CoMWRAF _eLK-CoMWRAF |
||
| 041 | _aeng | ||
| 082 |
_a340.59 _bAZA |
||
| 100 | _aAzad, Ghulam Murtaza | ||
| 245 | _aJudicial System of Islam | ||
| 260 |
_aNew Delhi: _bKitab Bhavan, _c1994 |
||
| 300 |
_aix, 151 p. ; 25 cm. _bGlossary and bibliography included |
||
| 650 | _aJUDGES(ISLAMIC LAW) | ||
| 650 | _aIslamic courts | ||
| 942 | _cBK | ||
| 999 |
_c1042 _d1042 |
||